[Event "Êîìàíäíîå ïåð-âî ÐÔ 2012 ã. ïî êëàññè÷åñêèì øàõìàòàì "]
[Site "Ðûáèíñê"]
[Date "2012.08.10"]
[Round "9.22"]
[White "Ãðèøèí Àëåêñàíäð"]
[Black "Êîòëÿð Êèðèëë"]
[Result "0-1"]
[WhiteElo "2229"]
[BlackElo "2292"]
[Annotator ""]
[Source ""]
[Remark ""]

1.Nf3 Nf6 2.c4 g6 3.b3 Bg7 4.Bb2 c5 5.g3 d6 6.d4 Ne4 7.Bg2 Qa5+
8.Kf1 Nc6 9.h3 O-O 10.e3 f5 11.Qe2 cxd4 12.Nxd4 Bd7 13.Nxc6 Bxc6
14.Kg1 Bxb2 15.Qxb2 Qe1+ 16.Kh2 Qxf2 17.Qxf2 Nxf2 18.Rf1 Bxg2
19.Rxf2 Bc6 20.Nc3 a5 21.Rd2 Kf7 22.Nd5 e6 23.Nc3 Ke7 24.Ne2
Rfd8 25.Nd4 e5 26.Nxc6+ bxc6 27.g4 Ke6 28.Kg3 Ra7 29.Rf1 Rad7
30.Rdf2 Rf8 31.Rb2 Rdf7 32.gxf5+ Rxf5 33.Rxf5 gxf5 34.b4 axb4
35.Rxb4 Ra8 36.Rb7 Ra3 37.Rxh7 Rxe3+ 38.Kh4 f4 39.a4 Ra3 40.Ra7
e4 41.Ra8 f3 42.Kg3 Ra2 43.h4 Rg2+ 44.Kh3 Rg7 45.Rf8 d5 46.Re8+
Kd7 47.Rf8 Kd6 48.Rd8+ Ke5 0-1

[Event "Êîìàíäíîå ïåð-âî ÐÔ 2012 ã. ïî êëàññè÷åñêèì øàõìàòàì "]
[Site "Ðûáèíñê"]
[Date "2012.08.10"]
[Round "9.23"]
[White "Ïîïîâ Ìèõàèë"]
[Black "Ïèñêîâåö Íèêèòà"]
[Result "0-1"]
[WhiteElo "2186"]
[BlackElo "1104"]
[Annotator ""]
[Source ""]
[Remark ""]

1.c4 e6 2.g3 d5 3.Bg2 Nf6 4.Nf3 dxc4 5.Qa4+ Nbd7 6.Qxc4 a6 7.Qc2
c5 8.Nc3 Rb8 9.d4 cxd4 10.Nxd4 Bc5 11.Nb3 Ba7 12.O-O b5 13.Ne4
Nxe4 14.Bxe4 Bb7 15.Bd2 Bxe4 16.Qxe4 O-O 17.Bb4 Nf6 18.Qc6 Qc8
19.Rac1 Re8 20.Qd6 Qb7 21.Na5 Qe4 22.Nc6 Rb7 23.Nxa7 Rxa7 24.Bc5
Rd7 25.Qxa6 Qxe2 26.b4 h5 27.Rfe1 Qb2 28.Qxb5 Qxa2 29.Qc4 Qa8
30.Ra1 Qf3 31.Qe2 Qf5 32.Kg2 h4 33.gxh4 Rd3 34.Be3 Rb3 35.Qc4
Rb2 36.Qf4 Qd5+ 37.Qf3 Qc4 38.Rab1 Rxb4 39.Rxb4 Qxb4 40.Rg1 Qxh4
41.Kh1 Nd5 42.Rg4 Qf6 43.Qxf6 Nxf6 44.Ra4 Nd5 45.Kg2 Rc8 46.Ra7
Rc2 47.Ra3 f6 48.Rb3 Kf7 49.Kf3 g5 50.h3 Kg6 51.Rb8 Kf5 52.Rh8
Rc4 53.Rh6 Nxe3 54.fxe3 Rh4 55.Rxh4 gxh4 56.e4+ Ke5 57.Ke3 f5
58.exf5 exf5 59.Kf3 f4 60.Kg4 Ke4 0-1

[Event "Êîìàíäíîå ïåð-âî ÐÔ 2012 ã. ïî êëàññè÷åñêèì øàõìàòàì "]
[Site "Ðûáèíñê"]
[Date "2012.08.10"]
[Round "9.24"]
[White "Ïàðàìçèíà Àíàñòàñèÿ"]
[Black "Ñàçîíîâà Àíàñòàñèÿ"]
[Result "1-0"]
[WhiteElo "2021"]
[BlackElo "1993"]
[Annotator ""]
[Source ""]
[Remark ""]

1.e4 c5 2.Nf3 d6 3.d4 cxd4 4.Nxd4 Nf6 5.f3 Nc6 6.c4 e6 7.Nc3
a6 8.Be3 Be7 9.Be2 O-O 10.O-O Qc7 11.Rc1 Ne5 12.f4 Ned7 13.Bf3
Rb8 14.b4 Re8 15.g4 Nf8 16.g5 N6d7 17.Bg2 Nb6 18.f5 e5 19.Nb3
Nfd7 20.Qh5 g6 21.Qf3 f6 22.Qf2 Kg7 23.gxf6+ Bxf6 24.c5 dxc5
25.bxc5 Na8 26.Nd5 Qd8 27.fxg6 hxg6 28.c6 bxc6 29.Rxc6 Rf8 30.Nc5
Bh4 31.Ne6+ Kg8 32.Qxf8+ Nxf8 33.Nxd8 Bxd8 34.Bc5 Ne6 35.Ba7
Bd7 36.Rd6 1-0

[Event "Êîìàíäíîå ïåð-âî ÐÔ 2012 ã. ïî êëàññè÷åñêèì øàõìàòàì "]
[Site "Ðûáèíñê"]
[Date "2012.08.10"]
[Round "9.31"]
[White "Ìàõìóòîâ Ðàèëü"]
[Black "Ïàñèåâ Ðàõèì"]
[Result "1-0"]
[WhiteElo "2391"]
[BlackElo "2325"]
[Annotator ""]
[Source ""]
[Remark ""]

1.d4 d6 2.c4 e5 3.Nc3 exd4 4.Qxd4 Nc6 5.Qd2 Nf6 6.b3 Be6 7.e4
g6 8.Bb2 Bg7 9.g3 Qd7 10.Bg2 O-O-O 11.Nd5 Ne8 12.Ne2 f5 13.exf5
Bxf5 14.Ne3 Bxb2 15.Qxb2 Ne5 16.O-O Nf6 17.Nxf5 Qxf5 18.Nd4 Qd7
19.f4 Neg4 20.Rfe1 Rde8 21.Qc3 Rxe1+ 22.Rxe1 Re8 23.h3 Nh6 24.Rxe8+
Qxe8 25.Nb5 a6 26.Nxd6+ cxd6 27.Qxf6 Qe1+ 28.Kh2 Nf5 29.Qh8+ 1-0

[Event "Êîìàíäíîå ïåð-âî ÐÔ 2012 ã. ïî êëàññè÷åñêèì øàõìàòàì "]
[Site "Ðûáèíñê"]
[Date "2012.08.10"]
[Round "9.32"]
[White "Êîð÷ìàðü Âàñèëèé"]
[Black "Ôàéçðàõìàíîâ Ðàìèëü"]
[Result "1-0"]
[WhiteElo "2234"]
[BlackElo "2291"]
[Annotator ""]
[Source ""]
[Remark ""]

1.e4 c6 2.d4 d5 3.e5 Bf5 4.Nf3 e6 5.Be2 Ne7 6.O-O c5 7.c4 Nbc6
8.Nc3 dxc4 9.dxc5 {%07-1053687229} Ng6 10.Qa4 Bxc5 11.Qxc4 Be7
12.g4 Bc2 13.Nb5 a6 14.Nd6+ Kf8 15.Qxc2 Ncxe5 16.Ne4 Rc8 17.Qb3
Nc6 18.Be3 1-0

[Event "Êîìàíäíîå ïåð-âî ÐÔ 2012 ã. ïî êëàññè÷åñêèì øàõìàòàì "]
[Site "Ðûáèíñê"]
[Date "2012.08.10"]
[Round "9.33"]
[White "Ñàäûêîâ Ðàìèëü"]
[Black "Åðàìÿí Ãàìëåò"]
[Result "1-0"]
[WhiteElo "2258"]
[BlackElo "2070"]
[Annotator ""]
[Source ""]
[Remark ""]

1.e4 c5 2.Nf3 g6 3.d4 cxd4 4.Qxd4 Nf6 5.e5 Nc6 6.Qa4 Nd5 7.Qe4
Nc7 8.Nc3 Bg7 9.Bf4 Ne6 10.Bg3 Qa5 11.O-O-O Rb8 12.Rd5 Qc7 13.h4
h5 14.Ng5 a6 15.f4 Nxg5 16.fxg5 e6 17.Rd6 Qa5 18.Be2 b5 19.Qf3
O-O 20.Ne4 Qxa2 21.Nf6+ Bxf6 22.gxf6 Qa1+ 23.Kd2 Qxh1 24.Bf1
Qg1 25.Qf4 Kh7 26.Qg5 Rh8 27.Bf4 Kg8 28.Bd3 Qf2+ 29.Kd1 Qg1+
30.Kd2 Kf8 31.Bxg6 Qf2+ 32.Kc3 b4+ 33.Kb3 Na5+ 34.Ka2 b3+ 35.cxb3
Nc4 36.Rd2 Qc5 37.Bxf7 Qa5+ 38.Kb1 Na3+ 39.Kc1 Qc5+ 40.Kd1 Kxf7
41.Qg7+ Ke8 42.Qxh8+ Qf8 43.Qxh5+ Qf7 44.Qh8+ Qf8 45.Qxf8+ Kxf8
46.bxa3 Rxb3 47.g4 Rxa3 48.h5 Ra4 49.Bh6+ 1-0

[Event "Êîìàíäíîå ïåð-âî ÐÔ 2012 ã. ïî êëàññè÷åñêèì øàõìàòàì "]
[Site "Ðûáèíñê"]
[Date "2012.08.10"]
[Round "9.34"]
[White "Òîìíèêîâà Ëèäèÿ"]
[Black "Áåëîâà Îëüãà"]
[Result "1/2-1/2"]
[WhiteElo "2068"]
[BlackElo "2084"]
[Annotator ""]
[Source ""]
[Remark ""]

1.e4 c5 2.Nf3 Nf6 3.Nc3 Nc6 4.d4 d5 5.dxc5 d4 6.Nb5 e5 7.Bd3
Bxc5 8.a4 Bg4 9.O-O O-O 10.h3 Bh5 11.Bg5 Be7 12.Na3 Nd7 13.Bd2
Nc5 14.Nc4 f5 15.Qe2 Bxf3 16.gxf3 f4 17.b4 Nxd3 18.Qxd3 Qd7 19.Kg2
Rf6 20.Rh1 Rg6+ 21.Kf1 Qe6 22.b5 Nd8 23.c3 Rc8 24.Nxe5 Qxe5 25.cxd4
Qd6 26.e5 Qd5 27.Bxf4 Ne6 28.Be3 Qxf3 29.Rh2 Rd8 30.Rd1 Qd5 31.Ke2
Bg5 32.h4 Bxe3 33.Kxe3 Nxd4 34.Qxd4 Qb3+ 35.Rd3 Rxd4 36.Rxb3
Rxa4 37.Rc3 Kf7 38.Rc7+ Ke6 39.Rxb7 Kxe5 40.h5 Ra3+ 41.Ke2 Ra2+
42.Ke3 Ra3+ 43.Ke2 Ra2+ 44.Ke3 Ra3+ 1/2-1/2

[Event "Êîìàíäíîå ïåð-âî ÐÔ 2012 ã. ïî êëàññè÷åñêèì øàõìàòàì "]
[Site "Ðûáèíñê"]
[Date "2012.08.10"]
[Round "9.41"]
[White "Ñòóêîïèí Àíäðåé"]
[Black "Áóêàâøèí Èâàí"]
[Result "0-1"]
[WhiteElo "2503"]
[BlackElo "2498"]
[Annotator ""]
[Source ""]
[Remark ""]

1.e4 c6 2.d4 d5 3.exd5 cxd5 4.c4 Nf6 5.Nc3 e6 6.Nf3 Bb4 7.cxd5
Nxd5 8.Qc2 Nc6 9.a3 Be7 10.Bd3 Nf6 11.O-O O-O 12.Be3 Bd7 13.Rad1
Rc8 14.Qe2 Na5 15.Ne5 Bc6 16.Bb1 Bd5 17.Bg5 Nc6 18.Rd3 g6 19.Rh3
Re8 20.Nxf7 Kxf7 21.Bxf6 Bxf6 22.Rxh7+ Kf8 23.Qe3 Bg7 24.Bxg6
Qf6 25.Bxe8 Rxe8 26.Re1 Bxg2 27.Qg3 Kg8 28.Rxg7+ Qxg7 29.Kxg2
Nxd4 30.Re4 Nf5 31.Qxg7+ Kxg7 32.Rc4 Re7 33.Ne4 Rd7 34.Kf3 e5
35.Rc5 Nd4+ 36.Kg4 Nc6 37.h4 Rf7 38.Kg3 Kg6 39.Nd6 Rd7 40.Nxb7
Nd4 41.Na5 Kf5 42.f3 Ne2+ 43.Kf2 Nf4 44.Rc2 Rh7 45.Nc4 Rxh4 46.Ne3+
Kg5 47.Ng4 Rh3 48.Ke3 Kf5 49.Rc5 Ng6 50.Rc6 Nh4 51.Rf6+ Kg5 52.Rf7
Nf5+ 53.Ke2 e4 54.Ne5 Rh2+ 55.Kd1 e3 56.Ng4 Rxb2 57.Nxe3 Nxe3+
58.Kc1 Rc2+ 59.Kb1 a5 60.Re7 Rc3 61.Kb2 Rd3 62.Rc7 Rd6 63.Kb3
Rb6+ 0-1

[Event "Êîìàíäíîå ïåð-âî ÐÔ 2012 ã. ïî êëàññè÷åñêèì øàõìàòàì "]
[Site "Ðûáèíñê"]
[Date "2012.08.10"]
[Round "9.42"]
[White "Ïðåäêå Àëåêñàíäð"]
[Black "Òèëè÷ååâ Âÿ÷åñëàâ"]
[Result "0-1"]
[WhiteElo "2475"]
[BlackElo "2416"]
[Annotator ""]
[Source ""]
[Remark ""]

1.e4 e5 2.Nf3 Nc6 3.Bb5 Nf6 4.O-O Nxe4 5.d4 Nd6 6.Bxc6 dxc6 7.dxe5
Nf5 8.Qxd8+ Kxd8 9.Nc3 Bd7 10.h3 b6 11.g4 Ne7 12.Ng5 Be8 13.f4
h5 14.Kg2 Kc8 15.f5 Nd5 16.Nce4 f6 17.exf6 Nxf6 18.Nxf6 gxf6
19.Ne6 hxg4 20.hxg4 Bd6 21.Bf4 c5 22.Kg3 Bf7 23.Rad1 Kd7 24.Nxc7
Kxc7 25.Rxd6 Bxa2 26.b3 c4 0-1

[Event "Êîìàíäíîå ïåð-âî ÐÔ 2012 ã. ïî êëàññè÷åñêèì øàõìàòàì "]
[Site "Ðûáèíñê"]
[Date "2012.08.10"]
[Round "9.43"]
[White "Çàñüêî Ãðèãîðèé"]
[Black "Ñàíæàåâ Äàðñåí"]
[Result "1-0"]
[WhiteElo "2120"]
[BlackElo "2335"]
[Annotator ""]
[Source ""]
[Remark ""]

1.d4 Nf6 2.c4 e6 3.g3 d5 4.Bg2 Bb4+ 5.Bd2 Be7 6.Nf3 O-O 7.O-O
dxc4 8.Qa4 a6 9.Qxc4 b5 10.Qc2 Bb7 11.Bf4 Nd5 12.Nc3 Nxf4 13.gxf4
Nd7 14.Ne4 Nf6 15.Ne5 Nxe4 16.Bxe4 Bxe4 17.Qxe4 c5 18.dxc5 Bxc5
19.Rad1 Qc7 20.Rd7 Qc8 21.Rfd1 Ra7 22.b4 Bb6 23.Qc6 Qb8 24.e3
Bc7 25.Nxf7 Rxf7 26.Qxe6 Qf8 27.Rc1 1-0

[Event "Êîìàíäíîå ïåð-âî ÐÔ 2012 ã. ïî êëàññè÷åñêèì øàõìàòàì "]
[Site "Ðûáèíñê"]
[Date "2012.08.10"]
[Round "9.44"]
[White "Ìèðçàåâà Ãóëüíàðà"]
[Black "Ìîðîçîâà Þëèÿ"]
[Result "0-1"]
[WhiteElo "1776"]
[BlackElo "1902"]
[Annotator ""]
[Source ""]
[Remark ""]

1.e4 e5 2.Nf3 Nf6 3.Nxe5 d6 4.Nf3 Nxe4 5.Nc3 Nxc3 6.dxc3 Be7
7.Bd3 O-O 8.Be3 Nd7 9.Nd4 Ne5 10.Be2 c5 11.Nf3 Qb6 12.b3 Nxf3+
13.Bxf3 Bf6 14.Qd3 Qa5 15.Kd2 c4 16.Qxc4 Be6 17.b4 Qa3 18.Qd3
Rac8 19.Bd4 Bg5+ 20.Kd1 Qb2 21.c4 Qxb4 22.c3 Qa4+ 23.Qc2 Qa6
24.Rb1 Qxc4 25.Bxb7 Rc7 26.Bxa7 Qxa2 27.Be4 Qxa7 28.Bxh7+ Kh8
29.h4 Bf6 30.h5 Rxc3 31.Qe4 d5 32.Qf4 Kxh7 33.h6 Qd4+ 34.Qxd4
Bxd4 35.hxg7+ Kxg7 36.Rb4 Rfc8 0-1

[Event "Êîìàíäíîå ïåð-âî ÐÔ 2012 ã. ïî êëàññè÷åñêèì øàõìàòàì "]
[Site "Ðûáèíñê"]
[Date "2012.08.10"]
[Round "9.51"]
[White "Ìàðòûíîâ Ïàâåë"]
[Black "Ñàâèöêèé Ñåðãåé"]
[Result "1/2-1/2"]
[WhiteElo "2289"]
[BlackElo "2368"]
[Annotator ""]
[Source ""]
[Remark ""]

1.d4 Nf6 2.Bg5 c5 3.Bxf6 gxf6 4.c3 Qb6 5.Qd2 d5 6.e3 Nc6 7.Na3
e6 8.Nf3 Bd7 9.Bd3 c4 10.Be2 f5 11.O-O Bd6 12.Rad1 Qa5 13.Ne5
Nxe5 14.dxe5 Bxa3 15.bxa3 Qxa3 16.Bxc4 Qc5 17.Be2 Rc8 18.c4 Bc6
19.cxd5 Qxd5 20.Qxd5 Bxd5 21.Bf3 Bxf3 22.gxf3 Rg8+ 23.Kh1 Rc2
24.Rd4 Rg6 25.Rfd1 Kf8 26.Rd8+ Kg7 27.R8d2 Rc5 28.f4 h5 29.h3
h4 30.Rd7 a5 31.Rd8 Rc2 32.R8d2 Rc5 33.Rd8 Rc2 34.R8d2 Rc5 35.Rd8
Rc2 1/2-1/2

[Event "Êîìàíäíîå ïåð-âî ÐÔ 2012 ã. ïî êëàññè÷åñêèì øàõìàòàì "]
[Site "Ðûáèíñê"]
[Date "2012.08.10"]
[Round "9.52"]
[White "Ïðàíèçèí Ãåííàäèé"]
[Black "Ìàðêåâè÷ Èëüÿ"]
[Result "1/2-1/2"]
[WhiteElo "2153"]
[BlackElo "2210"]
[Annotator ""]
[Source ""]
[Remark ""]

1.e4 c5 2.Nc3 e6 3.g3 d5 4.d3 d4 5.Nce2 Nc6 6.Bg2 Bd6 7.f4 f5
8.c3 dxc3 9.bxc3 Nge7 10.Nf3 O-O 11.O-O Kh8 12.Be3 b6 13.Qc2
Bd7 14.Rad1 Rc8 15.Kh1 e5 16.fxe5 Nxe5 17.Bf4 Qc7 18.d4 cxd4
19.Rxd4 N7c6 20.Rd2 fxe4 21.Qxe4 Bf5 22.Qd5 Rcd8 23.Nxe5 Nxe5
24.Bxe5 Bxe5 25.Rxf5 Bf6 26.Nf4 Rxd5 27.Nxd5 Qc5 28.Rdf2 Re8
29.Nxf6 gxf6 30.Bd5 Qxc3 31.Rxf6 Rd8 32.Bb3 b5 33.h4 Qc5 34.Kh2
a5 35.R6f5 Qe3 36.R5f3 Qc1 37.Rf1 Qc5 38.Rf5 Qc6 39.R1f2 a4 40.Bc2
Rd7 41.Rg5 Rd8 42.Bd3 b4 43.Rf7 Qh6 44.Rxh7+ Qxh7 45.Bxh7 Rd2+
46.Kh3 Kxh7 47.Rb5 Rb2 48.h5 a3 49.Kg4 Rb1 50.Ra5 Rb2 51.Ra4
Kh6 52.Ra6+ Kh7 53.Kg5 Rxa2 54.Ra7+ Kg8 55.Kg6 Kf8 56.h6 Rg2
57.Kf6 Kg8 58.Ra4 a2 59.g4 b3 60.g5 Rxg5 61.Kxg5 b2 62.Ra8+ Kf7
63.h7 a1Q 64.h8Q Qg1+ 65.Kf4 Qf2+ 66.Kg4 1/2-1/2

[Event "Êîìàíäíîå ïåð-âî ÐÔ 2012 ã. ïî êëàññè÷åñêèì øàõìàòàì "]
[Site "Ðûáèíñê"]
[Date "2012.08.10"]
[Round "9.53"]
[White "Øïàðòüêî Ãðèãîðèé"]
[Black "Îðåõîâ Íèêîëàé"]
[Result "0-1"]
[WhiteElo "2122"]
[BlackElo "2085"]
[Annotator ""]
[Source ""]
[Remark ""]

1.b3 e5 2.Bb2 Nc6 3.e3 Nf6 4.Bb5 Bd6 5.Ne2 O-O 6.Ng3 Re8 7.O-O
a6 8.Be2 Bf8 9.c4 d5 10.d3 d4 11.e4 b5 12.Nd2 Na5 13.Rc1 bxc4
14.Nxc4 Nxc4 15.Rxc4 Be6 16.Rc6 a5 17.Bc1 Nd7 18.f4 Nc5 19.Ba3
Nxe4 20.dxe4 Bxa3 21.f5 Bd7 22.Rc2 Rb8 23.f6 g6 24.Bc4 Bb5 25.Qd2
Bxc4 26.Rxc4 Re6 27.Qxa5 Bd6 28.Qd5 Rxf6 29.Ra1 Re6 30.b4 Re8
31.Rf1 Qe7 32.b5 Red8 33.a4 Bb4 34.Qc6 Ba5 35.h4 Qxh4 36.Rf3
Rd6 37.Qc5 Bb6 38.Qa3 d3+ 39.Kf1 d2 40.Rc1 d1Q+ 41.Rxd1 Rxd1+
42.Ke2 Rbd8 43.Nf1 Qe1# 0-1

[Event "Êîìàíäíîå ïåð-âî ÐÔ 2012 ã. ïî êëàññè÷åñêèì øàõìàòàì "]
[Site "Ðûáèíñê"]
[Date "2012.08.10"]
[Round "9.54"]
[White "Ïàâëîâà Íàòàëüÿ"]
[Black "Ëåæåïåêîâà Âåðîíèêà"]
[Result "0-1"]
[WhiteElo "1726"]
[BlackElo "2124"]
[Annotator ""]
[Source ""]
[Remark ""]

1.e4 c5 2.Nf3 Nc6 3.Bb5 g6 4.Bxc6 bxc6 5.O-O Bg7 6.Re1 e5 7.d3
d6 8.h3 Nf6 9.Nc3 O-O 10.Nh2 Be6 11.f4 c4 12.Kh1 exf4 13.Bxf4
Nh5 14.Be3 d5 15.exd5 cxd5 16.d4 Ng3+ 17.Kg1 Nf5 18.Bf2 Rb8 19.Na4
Bd7 20.c3 Bxa4 21.Qxa4 Rxb2 22.Qxa7 Qd6 23.Rab1 Rxf2 24.Kxf2
Qxh2 25.Qa5 Bf6 26.Rh1 Qf4+ 27.Ke2 Re8+ 28.Kd1 Qf2 0-1

[Event "Êîìàíäíîå ïåð-âî ÐÔ 2012 ã. ïî êëàññè÷åñêèì øàõìàòàì "]
[Site "Ðûáèíñê"]
[Date "2012.08.10"]
[Round "9.61"]
[White "Ëåïêàñîâ Âëàäèñëàâ"]
[Black "Ôåäîñååâ Âëàäèìèð"]
[Result "0-1"]
[WhiteElo "2171"]
[BlackElo "2498"]
[Annotator ""]
[Source ""]
[Remark ""]

1.e4 e6 2.d4 d5 3.Nc3 Bb4 4.e5 c5 5.a3 Bxc3+ 6.bxc3 Qa5 7.Bd2
Qa4 8.Qb1 c4 9.h4 Nc6 10.h5 h6 11.Nf3 Bd7 12.g3 O-O-O 13.Bh3
Nge7 14.Nh4 Rdg8 15.Ng2 f6 16.exf6 gxf6 17.O-O b6 18.Qd1 e5 19.Bxd7+
Kxd7 20.Be3 Qa5 21.Qf3 Qxc3 22.Qxf6 Rf8 23.Qg7 Qxc2 24.dxe5 Rhg8
25.Qxh6 Nxe5 26.Bc5 bxc5 27.Qa6 N7c6 28.Qb7+ Kd6 29.f4 Rxg3 30.fxe5+
Nxe5 31.Rf6+ Rxf6 32.Qb8+ Kd7 33.Qxa7+ Ke6 34.Qb6+ Kf5 35.Rf1+
Kg4 36.Rf4+ Kxh5 37.Rh4+ Kg5 0-1

[Event "Êîìàíäíîå ïåð-âî ÐÔ 2012 ã. ïî êëàññè÷åñêèì øàõìàòàì "]
[Site "Ðûáèíñê"]
[Date "2012.08.10"]
[Round "9.62"]
[White "×èãàåâ Ìàêñèì"]
[Black "Èïàòîâ Àëåêñàíäð"]
[Result "1-0"]
[WhiteElo "2462"]
[BlackElo "2159"]
[Annotator ""]
[Source ""]
[Remark ""]

1.e4 e6 2.Qe2 c5 3.Nf3 Nc6 4.g3 Nf6 5.Bg2 d5 6.d3 b6 7.O-O Bb7
8.c3 Be7 9.e5 Nd7 10.h4 Qc7 11.Re1 O-O-O 12.Bf4 h6 13.h5 Rdg8
14.c4 d4 15.Nbd2 g5 16.hxg6 fxg6 17.Ne4 g5 18.Nd6+ Bxd6 19.exd6
Qd8 20.Bd2 e5 21.a3 Qf6 22.b4 e4 23.Qxe4 Nce5 24.Qxb7+ Kxb7 25.Nxe5+
Kc8 26.Nxd7 Kxd7 27.Re7+ Kxd6 28.Rxa7 Qf5 29.Be4 Qg4 30.bxc5+
bxc5 31.Ra6+ Kd7 32.Bc6+ Ke7 33.Re1+ Kf8 34.Ra7 Qh5 35.Rb1 1-0

[Event "Êîìàíäíîå ïåð-âî ÐÔ 2012 ã. ïî êëàññè÷åñêèì øàõìàòàì "]
[Site "Ðûáèíñê"]
[Date "2012.08.10"]
[Round "9.63"]
[White "Åðìîëàåâ Åâãåíèé"]
[Black "Êóçüìèí Åãîð"]
[Result "1-0"]
[WhiteElo "2161"]
[BlackElo "1134"]
[Annotator ""]
[Source ""]
[Remark ""]

1.e4 e5 2.Nf3 Nc6 3.Bb5 a6 4.Ba4 Nf6 5.O-O Be7 6.Qe2 b5 7.Bb3
O-O 8.c3 d5 9.exd5 Bg4 10.h3 Bxf3 11.Qxf3 e4 12.Qe2 Na5 13.Bc2
Qxd5 14.Re1 Bd6 15.Bxe4 Nxe4 16.Qxe4 Rae8 17.Qxe8 Rxe8 18.Rxe8+
Bf8 19.d4 c5 20.b3 Qd7 21.Ra8 Nc6 22.Be3 f5 23.Nd2 Qb7 24.Rxf8+
Kxf8 25.d5 Ne5 26.Bxc5+ Kf7 27.c4 Nd3 28.Bd4 bxc4 29.bxc4 Qb4
30.Nf3 Qxc4 31.Rd1 Kf8 32.d6 Qc2 33.Rd2 Qb1+ 34.Kh2 Nf4 35.d7
Ne6 36.Bc5+ Kf7 37.Ng5+ Kf6 38.Nxe6 Qb8+ 39.Bd6 1-0

[Event "Êîìàíäíîå ïåð-âî ÐÔ 2012 ã. ïî êëàññè÷åñêèì øàõìàòàì "]
[Site "Ðûáèíñê"]
[Date "2012.08.10"]
[Round "9.64"]
[White "Ôåäîñååâà Âàëåíòèíà"]
[Black "Ìàêàðåíêî Àëåêñàíäðà"]
[Result "0-1"]
[WhiteElo "1957"]
[BlackElo "2123"]
[Annotator ""]
[Source ""]
[Remark ""]

1.e4 c5 2.Nf3 d6 3.c3 Nf6 4.Be2 g6 5.O-O Bg7 6.Re1 O-O 7.Bf1
Nc6 8.d4 Bg4 9.dxc5 dxc5 10.Qxd8 Rfxd8 11.Nbd2 h6 12.h3 Be6 13.Nc4
Nd7 14.g4 b5 15.Ne3 b4 16.cxb4 cxb4 17.Nd5 Nde5 18.Nxe5 Nxe5
19.Bg2 Nd3 20.Re2 Bxd5 21.exd5 Rac8 22.Be3 Rd7 23.Rb1 f5 24.gxf5
gxf5 25.Rd2 Ne5 26.b3 Ng6 27.Rbd1 Bc3 28.Re2 Kh7 29.Bc1 e5 30.Rc2
Rg8 31.Kf1 Nh4 32.Bh1 Rdg7 33.Ke2 Rg1 34.Rf1 e4 35.Be3 Nf3 36.Rcc1
Rxf1 37.Rxf1 Ng1+ 38.Kd1 Nxh3 39.f3 f4 40.Bd2 Bxd2 41.Kxd2 e3+
42.Kd3 Nf2+ 43.Kd4 Rg6 44.Rc1 h5 45.Rc2 Nxh1 46.Ke5 Ng3 47.Kxf4
e2 48.Rc1 h4 49.Ke5 h3 50.d6 Rxd6 0-1

[Event "Êîìàíäíîå ïåð-âî ÐÔ 2012 ã. ïî êëàññè÷åñêèì øàõìàòàì "]
[Site "Ðûáèíñê"]
[Date "2012.08.10"]
[Round "9.71"]
[White "Ãîðäèåâñêèé Äìèòðèé"]
[Black "Àðáóçîâ Èâàí"]
[Result "1-0"]
[WhiteElo "2437"]
[BlackElo "2163"]
[Annotator ""]
[Source ""]
[Remark ""]

1.d4 d5 2.c4 c6 3.Nc3 Nf6 4.e3 e6 5.Nf3 Nbd7 6.Qc2 Bd6 7.g4 h6
8.h3 dxc4 9.e4 e5 10.Bxc4 b5 11.Be2 Bb7 12.Be3 O-O 13.O-O-O Qc7
14.dxe5 Nxe5 15.Nd4 Ng6 16.h4 Bf4 17.g5 hxg5 18.hxg5 Nh7 19.Bh5
Bxe3+ 20.fxe3 Nxg5 21.Rdg1 Qe5 22.Nf5 Qf6 23.Qh2 Rfe8 24.Bxg6
fxg6 25.Nd6 Kf8 26.Rf1 Nf3 27.Qg3 1-0

[Event "Êîìàíäíîå ïåð-âî ÐÔ 2012 ã. ïî êëàññè÷åñêèì øàõìàòàì "]
[Site "Ðûáèíñê"]
[Date "2012.08.10"]
[Round "9.72"]
[White "Ñåðãèåíêî Àíòîí"]
[Black "Ïóñòîâîéòîâà Äàðüÿ"]
[Result "0-1"]
[WhiteElo "2111"]
[BlackElo "2294"]
[Annotator ""]
[Source ""]
[Remark ""]

1.d4 d5 2.c4 c6 3.Nc3 Nf6 4.e3 e6 5.Nf3 Nbd7 6.Qc2 Bd6 7.Bd3
dxc4 8.Bxc4 O-O 9.O-O a6 10.Bd3 e5 11.h3 Re8 12.dxe5 Nxe5 13.Nxe5
Bxe5 14.Rd1 Qe7 15.Bf1 Be6 16.b3 Qc5 17.Bb2 h6 18.Rac1 Rad8 19.Rxd8
Rxd8 20.Na4 Qxc2 21.Rxc2 Bxb2 22.Rxb2 Rd1 23.Nc3 Rc1 24.Ne2 Ra1
25.Nd4 Bd7 26.b4 Ne4 27.Nb3 Rd1 28.g4 Be6 29.Kg2 Bxb3 30.axb3
Rd2 31.Rxd2 Nxd2 32.Bc4 Nxc4 33.bxc4 c5 34.Kf3 cxb4 35.Ke2 a5
36.Kd2 b3 37.Kc3 a4 38.c5 g5 0-1

[Event "Êîìàíäíîå ïåð-âî ÐÔ 2012 ã. ïî êëàññè÷åñêèì øàõìàòàì "]
[Site "Ðûáèíñê"]
[Date "2012.08.10"]
[Round "9.74"]
[White "Ìîêøàíîâà Åëèçàâåòà"]
[Black "Ôðîëîâà Åêàòåðèíà"]
[Result "0-1"]
[WhiteElo "1859"]
[BlackElo "2078"]
[Annotator ""]
[Source ""]
[Remark ""]

1.e4 c5 2.c3 d5 3.exd5 Qxd5 4.d4 Nf6 5.Nf3 g6 6.Na3 Bg7 7.Bc4
Qe4+ 8.Qe2 O-O 9.Qxe4 Nxe4 10.dxc5 Nxc3 11.Nb5 Nxb5 12.Bxb5 h6
13.O-O Rd8 14.Be3 Nc6 15.Rad1 Be6 16.Bxc6 bxc6 17.Nd4 Bd5 18.b3
Rd7 19.Ne2 Rb7 20.Rd2 a5 21.Nf4 e6 22.Nxd5 exd5 23.g3 a4 24.Rb1
Rab8 25.Bf4 axb3 26.axb3 Rxb3 27.Rxb3 Rxb3 28.Kg2 h5 29.h4 Rc3
30.Be3 Bf8 31.Ra2 Bxc5 32.Bf4 Bd4 33.Rd2 Bf6 34.Ra2 Kg7 35.Kf1
d4 36.Ke2 c5 37.Bd2 Rb3 38.Ra4 d3+ 39.Ke3 Bd4+ 40.Rxd4 cxd4+
41.Kxd4 Kf6 42.Bc3 Kf5 43.Kxd3 Kg4 44.Kd2 Rxc3 0-1

[Event "Êîìàíäíîå ïåð-âî ÐÔ 2012 ã. ïî êëàññè÷åñêèì øàõìàòàì "]
[Site "Ðûáèíñê"]
[Date "2012.08.10"]
[Round "9.81"]
[White "Âàñåïöîâ Ìàêñèì"]
[Black "Äåíèñîâ Âëàäèñëàâ"]
[Result "1-0"]
[WhiteElo "2240"]
[BlackElo "2110"]
[Annotator ""]
[Source ""]
[Remark ""]

1.e4 e5 2.Nf3 Nc6 3.Bb5 Nf6 4.O-O d6 5.d4 exd4 6.Nxd4 Bd7 7.Bxc6
bxc6 8.Nc3 Be7 9.Re1 O-O 10.Bf4 Rb8 11.b3 c5 12.Nf5 Bxf5 13.exf5
Qd7 14.Qf3 Rfe8 15.g4 h6 16.a3 c6 17.Rad1 Rbd8 18.h3 d5 19.Kg2
Bd6 20.Bxd6 Qxd6 21.h4 Ne4 22.Nxe4 Rxe4 23.Qxe4 dxe4 24.Rxd6
Rxd6 25.Rxe4 Kf8 26.Kf3 Rd2 27.Rc4 Rd5 28.Rc3 h5 29.Rd3 hxg4+
30.Kxg4 Re5 31.f4 Re2 32.Rc3 Ke7 33.Rxc5 Kd6 34.Ra5 Re7 35.f6
gxf6 36.Kf5 Re2 37.Kxf6 Rxc2 38.h5 Rf2 39.Rf5 Rf3 40.h6 1-0

[Event "Êîìàíäíîå ïåð-âî ÐÔ 2012 ã. ïî êëàññè÷åñêèì øàõìàòàì "]
[Site "Ðûáèíñê"]
[Date "2012.08.10"]
[Round "9.82"]
[White "Ïàÿíèäè ßíèñ"]
[Black "Áàéãèëüäèí Àëüáåðò"]
[Result "1/2-1/2"]
[WhiteElo "2096"]
[BlackElo "2170"]
[Annotator ""]
[Source ""]
[Remark ""]

1.e4 e5 2.Nf3 Nc6 3.Bb5 a6 4.Ba4 Nf6 5.Qe2 Be7 6.c3 b5 7.Bc2
d6 8.O-O O-O 9.Rd1 Bg4 10.h3 Bh5 11.d3 h6 12.Nbd2 Nh7 13.Nf1
Ng5 14.Bxg5 Bxg5 15.Ng3 Bg6 16.Nxg5 Qxg5 17.Qe3 Nd8 18.Qxg5 hxg5
19.Bb3 Re8 20.a4 Rb8 21.axb5 axb5 22.Ra7 b4 23.Rxc7 bxc3 24.Rxc3
Ne6 25.Bxe6 Rxe6 26.Rd2 d5 27.Rdc2 dxe4 28.Rc8+ Rxc8 29.Rxc8+
Kh7 30.dxe4 Rb6 31.Rc2 f6 32.f3 Bf7 33.Nf1 Be6 34.Ne3 Rb7 35.Kf2
Kg8 36.Ke2 g6 37.Kd3 Kf7 38.Ng4 Rd7+ 39.Ke3 Rb7 40.Kd2 Rd7+ 41.Ke3
Rb7 42.Nf2 Ba2 43.Rd2 Bc4 44.Nd1 Rb3+ 45.Nc3 Ke6 46.Kf2 Rb8 47.Na4
Rb5 48.Ke1 Bb3 49.Nc3 Rb8 50.Ne2 Bc4 51.Nc1 Rb4 52.b3 Bb5 53.Rc2
f5 54.exf5+ gxf5 55.Rc3 e4 56.fxe4 Rxe4+ 57.Kf2 Rf4+ 58.Kg3 Rf1
59.Rc5 Bd7 60.Nd3 Rd1 61.Rc3 Kf6 62.h4 gxh4+ 63.Kxh4 Bb5 64.Nf4
Rh1+ 65.Kg3 Rb1 66.Re3 Rb2 67.Kh4 Bf1 68.Kg3 Bb5 69.Rf3 Bc6 70.Rc3
Be4 1/2-1/2

[Event "Êîìàíäíîå ïåð-âî ÐÔ 2012 ã. ïî êëàññè÷åñêèì øàõìàòàì "]
[Site "Ðûáèíñê"]
[Date "2012.08.10"]
[Round "9.83"]
[White "Èâàíîâ Ñòåïàí"]
[Black "Ãëóøêîâ Ëåâ"]
[Result "1/2-1/2"]
[WhiteElo "2044"]
[BlackElo "1987"]
[Annotator ""]
[Source ""]
[Remark ""]

1.d4 Nf6 2.c4 e6 3.g3 d5 4.Bg2 c6 5.Nf3 Ne4 6.O-O Bd6 7.Qc2 Nd7
8.Nc3 f5 9.c5 Bc7 10.Bf4 O-O 11.b4 a5 12.Bxc7 Qxc7 13.b5 Nxc3
14.b6 Qd8 15.Qxc3 Qe7 16.Qe3 h6 17.Ne5 Nxe5 18.Qxe5 f4 19.Bh3
Qf6 20.gxf4 Qxf4 21.Qxf4 Rxf4 22.e3 Rf7 23.f4 g5 24.fxg5 hxg5
25.Rxf7 Kxf7 26.Rf1+ Kg7 27.Kg2 Bd7 28.Bg4 Rh8 29.h3 Rh6 30.Rf3
Be8 31.e4 Bg6 32.Ra3 Bxe4+ 33.Kg3 Kf6 34.Rxa5 Rh8 35.Ra7 Rb8
36.Kf2 Bg6 37.a4 Be8 38.a5 Bd7 39.Rxb7 Rxb7 40.a6 Bc8 41.a7 Rxa7
42.bxa7 Bb7 43.Ke3 e5 44.Bc8 Ba8 45.Kd3 e4+ 46.Ke3 Kg6 47.Kf2
Kh6 48.Ba6 Kh5 49.Kg3 Kh6 50.Kg4 Kg6 51.Bc8 Kf6 52.Ba6 Kg6 53.Kg3
Kh5 54.Be2+ Kg6 55.Bg4 Kf6 56.Bc8 Kg6 57.Kf2 Kf6 58.Ke3 Ke7 59.Ba6
Kd8 60.Kf2 Ke7 1/2-1/2

[Event "Êîìàíäíîå ïåð-âî ÐÔ 2012 ã. ïî êëàññè÷åñêèì øàõìàòàì "]
[Site "Ðûáèíñê"]
[Date "2012.08.10"]
[Round "9.84"]
[White "Èâàíîâà Êàðèíà"]
[Black "Íàñûáóëèíà Àëüôèÿ"]
[Result "1-0"]
[WhiteElo "1970"]
[BlackElo "2064"]
[Annotator ""]
[Source ""]
[Remark ""]

1.d4 Nf6 2.c4 g6 3.Nc3 d5 4.cxd5 Nxd5 5.Bd2 Nf6 6.Nf3 c5 7.dxc5
Bg7 8.e4 O-O 9.Be2 Nc6 10.O-O Bg4 11.Be3 Qa5 12.a3 Rfd8 13.Qc2
Rac8 14.b4 Qc7 15.Rad1 Bxf3 16.Bxf3 Ne5 17.Qe2 Nxf3+ 18.Qxf3
Qe5 19.Bf4 Qe6 20.Rfe1 b6 21.cxb6 axb6 22.Nd5 Rd7 23.h3 Nxd5
24.exd5 Qf5 25.Qe4 Qxe4 26.Rxe4 f5 27.Re6 Bb2 28.Rxb6 Bxa3 29.Be3
Kf7 30.Bc5 Rcd8 31.Re1 Bb2 32.Rbe6 Bf6 33.g3 Rb8 34.d6 exd6 35.Rxd6
Rxd6 36.Bxd6 Rb5 37.Kg2 Bc3 38.Re3 Bd4 39.Rd3 Bf6 40.Bc5 Rb7
41.Re3 Bg5 42.f4 Bd8 43.Rd3 Bb6 44.Bxb6 Rxb6 45.Rd4 h6 46.Kf3
g5 47.Ke3 gxf4+ 48.Rxf4 Ke6 49.Kd3 Ke5 50.Kc4 Rg6 51.Rf3 Ke4
52.Rb3 Rc6+ 53.Kb5 Rc2 54.Ka6 Kd5 55.b5 Kc5 56.Rf3 Ra2+ 57.Kb7
Kxb5 58.Rxf5+ Kc4 59.Rh5 Rf2 60.Rxh6 Kd5 61.g4 Ke5 62.h4 Rg2
63.Rg6 Rc2 64.h5 Rc1 65.h6 Rc2 66.g5 Kf5 67.Rg7 Rb2+ 68.Kc6 Rc2+
69.Kb5 Rb2+ 70.Kc4 Rb8 71.h7 1-0